00543 a2200145 4500003000400000005001700004008004100021020001800062040000900080082001900089100001500108245023100123260003300354300001000387OSt20231102143105.0231102b |||||||| |||| 00| 0 eng d a9788195162390 coclc a297.566bALI/I1 aAli, Kecia aIslam laingikatha: Padhangalude sthreepaksha vayana quran,hadith, karmashasthram ennivayekurichulla feminist prathiphalanankalb= Sexual ethics and Islam : feminist reflections on Qur'an, hadith, and jurisprudence /cKecia Ali aKerala:bOther Books,c2023. a397 p